The Walking Dead Comic Characters - Statistics

General Stats
  • This quiz has been taken 110 times
  • The average score is 23 of 32
Answer Stats
Picture Answer % Correct
Michonne
95%
Carl Grimes
94%
Glenn
94%
Maggie Greene
93%
Rick Grimes
93%
Andrea Harrrison
90%
Jesus
90%
Abraham Ford
88%
Shane
88%
Dale
86%
Negan
86%
Ezekiel
84%
The Governor
83%
Beta
81%
Dwight
80%
Eugene Porter
76%
Princess
75%
Rosita Espinosa
75%
Lori Grimes
74%
Sophia
71%
Alpha
63%
Heath
61%
Hershel Greene
60%
Morgan Jones
60%
Tyreese
59%
Mercer
58%
Gabriel Stokes
56%
Lydia
45%
Aaron
44%
Pamela Milton
41%
Dante
21%
Magna
21%
No matching quizzes found
Score Distribution
Percent of People with Each Score
Percentile by Number Answered
Your Score History
You have not taken this quiz